| 000 | 01402nam0a2200337 4500 | ||
|---|---|---|---|
| 001 | RU\NLR\bibl\19543 | ||
| 005 | 20260407043423.0 | ||
| 010 |
_a5-85560-340-7 _9500 |
||
| 035 | _a(NLR Aleph) 000019050 | ||
| 090 |
_a84924 _c84924 |
||
| 100 | _a19990401d1998 |||y0rusy50 ca | ||
| 101 | 0 | _arus | |
| 102 | _aRU | ||
| 105 | _aa ||||||||| | ||
| 200 | 1 |
_aФедор Мельников _eКат. _fАрханг. лит. музей _g[Авт.-сост. Л.М. Мельникова _gАвт. вступ. ст.: Лев Мочалов, Геннадий Морозов, поэт] |
|
| 210 |
_aАрхангельск _cСев.-Зап. кн. изд-во _aСПб. _cБ.и. _d1998 |
||
| 215 |
_a[1], 48 с. _cил. _d29 |
||
| 600 | 1 |
_aМельников _bФ.Ф. _f1920 _gФедор Федорович _jКаталоги _92119846 _3RU\NLR\auth\661280199 |
|
| 686 | _aЩ143(2Р=Рус)7-8Мельников | ||
| 702 | 1 |
_aМельникова _bЛ. М. _gЛюбовь Михайловна _4220 |
|
| 712 | 0 | 2 |
_4570 _aАрхангельский литературный музей _3RU\NLR\AUTH\8810015858 _9529580 |
| 801 | 0 |
_aRU _bNLR _c19990401 _gPSBO |
|
| 801 | 1 |
_aRU _bNLR _c19990401 |
|
| 830 | _aСост. по кн. | ||
| 852 |
_aNLR _jЭ АлИс590/2-М482 |
||
| 942 | _cBOOK | ||
| 980 | _aNB | ||